| 000 | 00731nam a2200229 a 4500 | ||
|---|---|---|---|
| 001 | 70472 | ||
| 003 | BD-RjUL | ||
| 005 | 20211209082015.0 | ||
| 008 | 170417s1964 enka 001 0 eng | ||
| 035 | _a(BD-RjUL)70686 | ||
| 040 |
_aDLC/ICU _cICU _dDLC _dBD-RjUL _beng |
||
| 041 | 1 | _aengger | |
| 082 | 0 | 0 |
_a541.22 _223 _bFRM 1964 |
| 100 | 1 |
_aFranke, Herbert W., _d1927- _9208624 |
|
| 245 | 1 | 4 |
_aThe magic of molecules / _c Herbert W. Franke. Translated from the German by H.F. Brookes. |
| 260 |
_aNew York : _bAbelard-Schuman, _c1964 |
||
| 300 |
_a275 p. : _bill. ; _c24 cm. |
||
| 650 | 0 |
_aChemistry, _xPhysical and theoretical. _9146965 |
|
| 650 | 0 |
_aMolecules. _9208625 |
|
| 650 | 0 |
_aMatter _xConstitution. _9124142 |
|
| 942 |
_2ddc _cBK |
||
| 999 |
_c70472 _d70472 |
||